| 000 | 01277pam a2200313 a 4500 | ||
|---|---|---|---|
| 001 | 2561925 | ||
| 003 | OSt | ||
| 005 | 20140310182038.0 | ||
| 008 | 950914r19951994nyua be 001 0 eng | ||
| 010 | _a 95039961 | ||
| 020 | _a0195102754 (alk. paper) | ||
| 040 |
_aDLC _cDLC _dDLC |
||
| 050 | 1 | 0 |
_aBL 325.C7 _b.L44 1995 |
| 082 | 0 | 0 |
_aHS 291.2103 _bL517 1995 |
| 100 | 1 |
_aLeeming, David Adams _d1937- _910960 |
|
| 240 | 1 | 0 | _aEncyclopedia of creation myths |
| 245 | 1 | 2 |
_aA dictionary of creation myths / _cDavid Adams Leeming with Margaret Adams Leeming. |
| 260 |
_aNew York : _bOxford University Press, _cc1995. |
||
| 300 |
_a330 p. : _bill. ; _c24 cm. |
||
| 500 | _aIncludes bibliographical references (p. 311-313) and index. | ||
| 650 | 0 |
_aCreation _xComparative studies _xEncyclopedias. _910961 |
|
| 700 | 1 |
_aLeeming, Margaret Adams, _d1968- _910962 |
|
| 856 | 4 | 2 |
_3Publisher description _uhttp://www.loc.gov/catdir/enhancements/fy0605/95039961-d.html |
| 856 | 4 | 2 |
_3Contributor biographical information _uhttp://www.loc.gov/catdir/enhancements/fy0723/95039961-b.html |
| 906 |
_a7 _bcbc _corignew _d1 _eocip _f19 _gy-gencatlg |
||
| 942 |
_2lcc _cHS _kHS |
||
| 999 |
_c8742 _d8742 |
||